Clinical Research in Complementary Therapies : (Record no. 8085)

MARC details
000 -LEADER
fixed length control field 02586cam a2200337 a 4500
001 - CONTROL NUMBER
control field 16068496
003 - CONTROL NUMBER IDENTIFIER
control field OSt
005 - DATE AND TIME OF LATEST TRANSACTION
control field 20230928084913.0
008 - FIXED-LENGTH DATA ELEMENTS--GENERAL INFORMATION
fixed length control field 100123s2010 stk b 001 0 eng
010 ## - LIBRARY OF CONGRESS CONTROL NUMBER
LC control number 2010003013
020 ## - INTERNATIONAL STANDARD BOOK NUMBER
International Standard Book Number 0443063672
035 ## - SYSTEM CONTROL NUMBER
System control number (DNLM)101523353
040 ## - CATALOGING SOURCE
Original cataloging agency DNLM/DLC
Transcribing agency DLC
042 ## - AUTHENTICATION CODE
Authentication code pcc
050 00 - LIBRARY OF CONGRESS CALL NUMBER
Classification number R733
Item number .C58 2010
060 10 - NATIONAL LIBRARY OF MEDICINE CALL NUMBER
Classification number WB 890
Item number C6405 2010
082 00 - DEWEY DECIMAL CLASSIFICATION NUMBER
Classification number W20.5 C1lg 2002
100 ## - MAIN ENTRY--PERSONAL NAME
Personal name Editors Lewith,George ;Jonas,Wayne,B;walach,harald;
9 (RLIN) 16469
245 00 - TITLE STATEMENT
Title Clinical Research in Complementary Therapies :
Remainder of title principles, problems, and solutions
260 ## - PUBLICATION, DISTRIBUTION, ETC. (IMPRINT)
Place of publication, distribution, etc. Edinburgh ;
Name of publisher, distributor, etc. Churchhill Livingstone
Date of publication, distribution, etc. 2002
300 ## - PHYSICAL DESCRIPTION
Extent xiv, 376 p. ;
Dimensions 25 cm.
504 ## - BIBLIOGRAPHY, ETC. NOTE
Bibliography, etc Includes bibliographical references and index.
505 0# - FORMATTED CONTENTS NOTE
Formatted contents note Toward standards of evidence for CAM research and practice / Wayne B. Jonas, George Lewith -- Qualitative research methods : a focus on understanding experiences and meaning / Marja J. Verhoef, Heather S. Boon -- The role of outcomes and observational research in evaluating in integrative medicine / William "Mac" Beckner, William Harlan -- Laboratory research and biomarkers / Hakima Amri ... [et al.] -- Randomized controlled trials / Claudia Witt, George Lewith -- Systematic reviews and meta-analyses in CAM : contribution and challenges / Klaus Linde, Ian Coulter -- Health services research as a form of evidence and CAM / Ian D. Coulter, Raheleh Khorsan --
505 0# - FORMATTED CONTENTS NOTE
Formatted contents note Research in herbal medicine / Simon Y. Mills -- Homoepathy / Peter Fisher ... [et al.] -- Massage therapy research methods / Tiffany Field -- Acupuncture / Adrian White, Claudia Witt -- Research methodology for studies of prayer and distant healing / Elisabeth Targ and Harald Walach -- Manipulation / Alan Breen -- Mind-body medicine approaches / Enrique Auba ... [et al.] -- Inspiration and perspiration : what every researcher needs to know before they start / Andrew J. Vickers -- Placebo, meaning and context issues in research / lene Vase, Wayne B. Jonas, Harald Walach -- Innovative designs & analyses / Mikel Aickin -- Questionnaires : development, validation, usage / Harald Walach, Niko Kohls, Corina Guthlin -- Economic evaluation / David Wonderling ... [et al.] -- Evidence-based practice : more than research needed! / Andree le May, John Gabbay.
650 #0 - SUBJECT ADDED ENTRY--TOPICAL TERM
Topical term or geographic name as entry element Alternative medicine.
9 (RLIN) 2496
650 12 - SUBJECT ADDED ENTRY--TOPICAL TERM
Topical term or geographic name as entry element Complementary Therapies.
9 (RLIN) 2492
650 22 - SUBJECT ADDED ENTRY--TOPICAL TERM
Topical term or geographic name as entry element Research Design.
9 (RLIN) 9376
906 ## - LOCAL DATA ELEMENT F, LDF (RLIN)
a 7
b cbc
c orignew
d 1
e ecip
f 20
g y-gencatlg
942 ## - ADDED ENTRY ELEMENTS (KOHA)
Source of classification or shelving scheme Other/Generic Classification Scheme
Koha item type Open Shelf
Holdings
Withdrawn status Lost status Source of classification or shelving scheme Damaged status Not for loan Home library Current library Date acquired Source of acquisition Inventory number Total Checkouts Full call number Barcode Date last seen Price effective from Koha item type
    Other/Generic Classification Scheme     MUST Main Library MUST Main Library 10/03/2023 Donation 11/34838   W20.5CULlg 2002 2023-0306 10/03/2023 10/03/2023 Open Shelf